000 01008cam a2200229 4500
001 WS117825
008 020503n 000 0 eng u
035 _a(Sirsi) u117825
110 _aNational Association of Real Estate Investment Trusts
_93608
245 _aNational Association of Real Estate Investment Trusts
520 _aWeb site for this US trade association for real estate companies. Members are real estate investment trusts (REITS) and other businesses that own, operate and finance income providing real estate. Includes pages of FAQs about REITS, a glossary of terms, a guide to investing in REITS and statistics and indices.
650 _aUSA
650 _aINTERNATIONAL
650 _aORGANISATIONS
650 _aREITS
650 _aREITS
650 _aGLOSSARY
650 _aSTATISTICS
690 _aPROPERTY-COMMERCIAL PROPERTY-COMMERCIAL PROPERTY FINANCE AND INVESTMENT
856 4 0 _uhttps://www.nareit.com
_zView the website free of charge at www.nareit.com...
942 _n0
999 _c120027
_d120027